00833cam a2200253 a 4500001000500000005001700005020003100022020001800053040002300071050002400094082001500118100002300133245004100156260003400197300002400231500002600255505000800281520014500289521002000434521002000454650003600474650003700510650003200547103320250422161819.0 a0590324640 (pbk.) :c$1.95 a9780590432665 aDLCcDLCdDLCbeng00aPZ7.B69157bCi 198400a813.542191 aBoyd, Candy Dawson10aCircle of gold /cCandy Dawson Boyd. aNew York :bScholastic,c1984 a134 pages :c20 cm. a"An Apple paperback." aO  aTen-year-old Mattie copes with the loss of her father and her mixed feelings towards her mother who is under pressure to support the family. a610 bLexile  aO bRaz-Plus  1aMothers and daughtersvFiction. 1aSingle-parent familiesvFiction. 1aAfrican AmericansvFiction.